Stars and galaxies / (Record no. 22017)

MARC details
000 -LEADER
fixed length control field 06333cam a2200697 a 4500
005 - DATE AND TIME OF LATEST TRANSACTION
control field 20060924161939.0
008 - FIXED-LENGTH DATA ELEMENTS--GENERAL INFORMATION
fixed length control field 040928s2004 dcua j b 001 0 eng d
010 ## - LCCN (DPL NO)
LC control number B-330188-208
020 ## - INTERNATIONAL STANDARD BOOK NUMBER
International Standard Book Number 9788179913024
Terms of availability 55.00
035 ## - SYSTEM CONTROL NUMBER
System control number B-330188-208
035 ## - SYSTEM CONTROL NUMBER
System control number B-358512
037 ## - SOURCE OF ACQUISITION
Source of stock number/acquisition PUB
040 ## - CATALOGING SOURCE
Original cataloging agency dpl
082 ## - DEWEY DECIMAL CLASSIFICATION NUMBER
Classification number 523.112
100 ## - MAIN ENTRY--PERSONAL NAME
Personal name Fried, Ellen.
245 ## - TITLE STATEMENT
Title Stars and galaxies /
Statement of responsibility, etc by Ellen Fried
260 ## - PUBLICATION, DISTRIBUTION, ETC. (IMPRINT)
Place of publication, distribution, etc Mumbai
Name of publisher, distributor, etc Popular Prakashan
Date of publication, distribution, etc c2004.
270 ## - ADDRESS
Address 4648/1, Ansari Road, 21, Daryaganj
City New Delhi
Postal code 110002
300 ## - PHYSICAL DESCRIPTION
Extent 32p.
Other physical details ill. (some col.)
Dimensions 23cm. (pbk)
490 ## - SERIES STATEMENT
Series statement Earth science
500 ## - GENERAL NOTE
General note Originally published by National Geographic under the reading expeditions series
504 ## - BIBLIOGRAPHY, ETC. NOTE
Bibliography, etc Includes bibliographical references (p. 30) and index.
520 ## - SUMMARY, ETC.
Summary, etc Discusses how stars cluster into galaxies and how galaxies move apart as the universe expands. Describes the properties of stars and the life cycle of a star. Identifies our place in the Milky Way galaxy and explores the vast universe of galaxies beyond t
650 ## - SUBJECT ADDED ENTRY--TOPICAL TERM
Topical term or geographic name as entry element Stars
Form subdivision Juvenile literature.
650 ## - SUBJECT ADDED ENTRY--TOPICAL TERM
Topical term or geographic name as entry element Galaxies
Form subdivision Juvenile literature.
650 ## - SUBJECT ADDED ENTRY--TOPICAL TERM
Topical term or geographic name as entry element Astronomy
Form subdivision Juvenile literature.
650 ## - SUBJECT ADDED ENTRY--TOPICAL TERM
Topical term or geographic name as entry element Stars.
650 ## - SUBJECT ADDED ENTRY--TOPICAL TERM
Topical term or geographic name as entry element Galaxies.
650 ## - SUBJECT ADDED ENTRY--TOPICAL TERM
Topical term or geographic name as entry element Astronomy.
650 ## - SUBJECT ADDED ENTRY--TOPICAL TERM
Topical term or geographic name as entry element Space telescopes.
651 ## - SUBJECT ADDED ENTRY--GEOGRAPHIC NAME
Geographic name Milky Way
Form subdivision Juvenile literature.
651 ## - SUBJECT ADDED ENTRY--GEOGRAPHIC NAME
Geographic name Milky Way.
710 ## - ADDED ENTRY--CORPORATE NAME
Corporate name or jurisdiction name as entry element National Geographic Society (U.S.)
830 ## - SERIES ADDED ENTRY--UNIFORM TITLE
Uniform title Earth science (National Geographic Society (U.S.))
942 ## - ADDED ENTRY ELEMENTS (KOHA)
Source of classification or shelving scheme Dewey Decimal Classification
Item type Children Books
Classification part 523.112
Call number suffix FRI
Holdings
Withdrawn status Lost status Source of classification or shelving scheme Damaged status Not for loan Collection code Home library Current library Date acquired Source of acquisition Cost, normal purchase price Total Checkouts Full call number Barcode Date last seen Copy number Cost, replacement price Koha item type
    Dewey Decimal Classification     Non-fiction Bagh Kadhe Khan Bagh Kadhe Khan 06/07/2009 Popular/0114/4.5.09/8/23.4.09/3.6.09 55.00   523.112 FRI B-330199 06/07/2009 1 55.00 Children Books
    Dewey Decimal Classification     Non-fiction Bawana Bawana 06/07/2009 Popular/0114/4.5.09/8/23.4.09/3.6.09 55.00 1 523.112 FRI B-330201 31/03/2021 1 55.00 Children Books
    Dewey Decimal Classification     Non-fiction Central Library Central Library 06/07/2009 Popular/0114/4.5.09/8/23.4.09/3.6.09 55.00   523.112 FRI B-330191 06/07/2009 1 55.00 Children Books
Withdrawn   Dewey Decimal Classification     Non-fiction Janak Puri Janak Puri 19/09/2009 Popular/I/09-10/0562/10.9.09/85/2.9.09/16.9.09 55.00 32 523.112 FRI B-358512 28/05/2016 1 55.00 Children Books
    Dewey Decimal Classification     Non-fiction Jor Bagh (Children Lib) Jor Bagh (Children Lib) 06/07/2009 Popular/0114/4.5.09/8/23.4.09/3.6.09 55.00   523.112 FRI B-330196 06/07/2009 1 55.00 Children Books
    Dewey Decimal Classification     Non-fiction Karol Bagh Karol Bagh 06/07/2009 Popular/0114/4.5.09/8/23.4.09/3.6.09 55.00   523.112 FRI B-330198 06/07/2009 1 55.00 Children Books
    Dewey Decimal Classification     Non-fiction Kasturba Gandhi Marg Kasturba Gandhi Marg 06/07/2009 Popular/0114/4.5.09/8/23.4.09/3.6.09 55.00   523.112 FRI B-330193 06/07/2009 1 55.00 Children Books
    Dewey Decimal Classification     Non-fiction Mobile Library Mobile Library 06/07/2009 Popular/0114/4.5.09/8/23.4.09/3.6.09 55.00   523.112 FRI B-330188 06/07/2009 2 55.00 Children Books
    Dewey Decimal Classification     Non-fiction Mobile Library Mobile Library 06/07/2009 Popular/0114/4.5.09/8/23.4.09/3.6.09 55.00   523.112 FRI B-330189 06/07/2009 2 55.00 Children Books
  Written-off vide DLB M. No. 383 dt 16.05.19 Dewey Decimal Classification     Non-fiction Narela Narela 06/07/2009 Popular/0114/4.5.09/8/23.4.09/3.6.09 55.00   523.112 FRI B-330200 06/07/2009 1 55.00 Children Books
    Dewey Decimal Classification     Non-fiction New Police Line New Police Line 06/07/2009 Popular/0114/4.5.09/8/23.4.09/3.6.09 55.00   523.112 FRI B-330190 06/07/2009 1 55.00 Children Books
  Written-off vide DLB M. No. 383 dt 16.05.19 Dewey Decimal Classification     Non-fiction Patel Nagar Patel Nagar 06/07/2009 Popular/0114/4.5.09/8/23.4.09/3.6.09 55.00   523.112 FRI B-330192 06/07/2009 1 55.00 Children Books
    Dewey Decimal Classification     Non-fiction Peshwa Road Peshwa Road 06/07/2009 Popular/0114/4.5.09/8/23.4.09/3.6.09 55.00   523.112 FRI B-330194 06/07/2009 1 55.00 Children Books
    Dewey Decimal Classification     Non-fiction R.C.Libraries (BL-III) R.C.Libraries (BL-III) 06/07/2009 Popular/0114/4.5.09/8/23.4.09/3.6.09 55.00   523.112 FRI B-330204 06/07/2009 1 55.00 Children Books
  Written-off vide DLB M. No. 383 dt 16.05.19 Dewey Decimal Classification     Non-fiction R.C.Libraries (BL-IV) R.C.Libraries (BL-IV) 06/07/2009 Popular/0114/4.5.09/8/23.4.09/3.6.09 55.00   523.112 FRI B-330205 06/07/2009 4 55.00 Children Books
  Written-off vide DLB M. No. 383 dt 16.05.19 Dewey Decimal Classification     Non-fiction R.C.Libraries (BL-IV) R.C.Libraries (BL-IV) 06/07/2009 Popular/0114/4.5.09/8/23.4.09/3.6.09 55.00   523.112 FRI B-330206 06/07/2009 4 55.00 Children Books
    Dewey Decimal Classification     Non-fiction R.C.Libraries (BL-IV) R.C.Libraries (BL-IV) 06/07/2009 Popular/0114/4.5.09/8/23.4.09/3.6.09 55.00   523.112 FRI B-330207 06/07/2009 4 55.00 Children Books
  Written-off vide DLB M. No. 383 dt 16.05.19 Dewey Decimal Classification     Non-fiction R.C.Libraries (BL-IV) R.C.Libraries (BL-IV) 06/07/2009 Popular/0114/4.5.09/8/23.4.09/3.6.09 55.00   523.112 FRI B-330208 06/07/2009 4 55.00 Children Books
    Dewey Decimal Classification     Non-fiction Sarojini Nagar Sarojini Nagar 06/07/2009 Popular/0114/4.5.09/8/23.4.09/3.6.09 55.00   523.112 FRI B-330195 06/07/2009 1 55.00 Children Books
  Written-off vide DLB M. No. 383 dt 16.05.19 Dewey Decimal Classification     Non-fiction Shahdara Branch Shahdara Branch 06/07/2009 Popular/0114/4.5.09/8/23.4.09/3.6.09 55.00   523.112 FRI B-330202 06/07/2009 1 55.00 Children Books
    Dewey Decimal Classification     Non-fiction Vinoba Puri Vinoba Puri 06/07/2009 Popular/0114/4.5.09/8/23.4.09/3.6.09 55.00 6 523.112 FRI B-330197 13/11/2013 1 55.00 Children Books
    Dewey Decimal Classification     Non-fiction Yojana Vihar Yojana Vihar 06/07/2009 Popular/0114/4.5.09/8/23.4.09/3.6.09 55.00   523.112 FRI B-330203 06/07/2009 1 55.00 Children Books

© Delhi Public Library
Hit Counter
free hit counter